Die größten Städte mit N - Statistiken

Allgemein
  • Dieses Quiz wurde 228 mal gespielt
  • Das Durchschnittsergebnis liegt bei 10 aus 25
Antwortstatistiken
Land Antwort Einwohner % Korrekt
Italien Neapel 4.000.000
93%
USA New York City 23.000.000
89%
Deutschland Nürnberg/Fürth 1.200.000
88%
Kenia Nairobi 6.550.000
83%
Vereinigtes Königreich Newcastle 1.460.000
66%
Vereinigtes Königreich Nottingham 1.370.000
53%
Russland Nowosibirsk 1.850.000
53%
Niger Niamey 1.430.000
49%
Japan Nagoya 10.500.000
47%
Tschad N‘djamena 1.800.000
45%
Russland Nischni Nowgorod 1.660.000
45%
China Nanjing 9.000.000
40%
USA Nashville 1.640.000
40%
USA New Orleans 1.010.000
29%
Mauretanien Nuakchott 1.350.000
27%
China Nanning 5.100.000
21%
Brasilien Natal 1.450.000
19%
Indien Nagpur 3.450.000
17%
China Ningbo 7.000.000
17%
China Nanchang 4.800.000
12%
China Nantong 3.250.000
9%
Japan Naha 1.240.000
6%
Indien Nashik 2.275.000
3%
Irak Nadschaf 1.000.000
2%
China Nanyang 1.550.000
2%
Keine übereinstimmenden Quizze gefunden
Verteilung der Resultate
Anzahl Personen mit jedem Resultat
Perzentil nach korrekt beantworteten Fragen
Ihre Resultats-Entwicklung
Sie haben dieses Quiz noch nicht gespielt